000 00304nam a22001337a 4500
008 181030b xxu||||| |||| 00| 0 eng d
020 _a0801625262
041 _aeng
080 _22nd
_a610.73
100 _a2
101 _aINF
245 _aStandards for Critical Care
_cJohanson, B.C
942 _2udc
_cBK
999 _c51119
_d51119